| 000 | 00386nam a2200157Ia 4500 | ||
|---|---|---|---|
| 008 | 210716s2009 xx 000 0 und d | ||
| 020 | _a9788132100782 | ||
| 041 | _aeng | ||
| 082 | _a153.93 CHAN | ||
| 100 | _aChadha, Narender Kumar. | ||
| 245 | _aApplied psychometry. | ||
| 250 | _a1 | ||
| 260 |
_aNew Delhi _bSage Publications _c2009 |
||
| 300 | _axiii,362 | ||
| 650 | _aPsychology | ||
| 999 |
_c207879 _d207879 |
||